| 000 | 00520nam a22001817a 4500 | ||
|---|---|---|---|
| 005 | 20251108170858.0 | ||
| 008 | 250721s2000 xx 000 0 ara d | ||
| 082 | 1 | 4 | _aم/928.1/داغ |
| 100 | 1 | _aداغر، يوسف أسعد | |
| 245 | 1 | 0 | _aمصادر الدراسة الأدبية / |
| 264 | 1 |
_aبيروت : _bمكتبة لبنان، _c2000. |
|
| 300 | _a1596ص. | ||
| 650 | 1 | 7 | _aالأدباء العرب |
| 650 | 1 | 7 | _aالأدب العربي |
| 650 | 1 | 7 | _aالتراجم |
| 942 |
_2ddc _cREF |
||
| 999 |
_c51149 _d51149 |
||